Geography of Europe - Statistics

General Stats
  • This quiz has been taken 117 times
    67 since last reset
  • The average score is 27 of 36
Answer Stats
Question Answer % Correct
Flemish region or simply Flanders is a region in which country? Belgium
93%
What is the capital of Switzerland? Bern
93%
What was the capital of the former West Germany? Bonn
93%
Where is the headquarters of the European Union? Brussels
93%
Bohemia is westernmost and largest historical region of which country? Czech Republic
93%
Greenland is an autonomous territory within which country? Denmark
93%
What is the capital of Scotland? Edinburgh
93%
Bretagne is a region in which contry? France
93%
What is the name of the peninsula on which Denmark is located? Jutland
93%
Ibiza is the island in the Mediterranean Sea that belongs to which country? Spain
93%
What is the smallest country in the world? Vatican City
93%
The highest peak in Western Europe, Mont Blanc, lies on the borders of three countries. Which is not among them? Austria
86%
Crimea is a peninsula located on the northern coast of which sea? Black Sea
86%
What is the largest active volcano in Europe? Etna
86%
Which country that lies entirely in Europe has the highest population? Germany
86%
What is the largest island in the Mediterranean? Sicily
86%
Asturias is a region in which country? Spain
86%
Which river flows through Warsaw? Vistula
86%
What is the longest river in Europe? Volga
86%
What two countries border Liechtenstein? Austria and Switzerland
79%
What is the largest island in the Adriatic Sea? Krk
79%
Not counting Russia, what is the largest country in Europe by area? Ukraine
79%
In which country is the region of Saxony located? Germany
71%
The Crown dependencies are three island territories off the coast of Great Britain. Which one is not among them? Gibraltar
71%
In which country is Hekla volcano located? Iceland
71%
What is the largest lake in Europe? Ladoga
71%
What type of island is Santorini? Volcanic island
71%
The island of Great Britain comprises of what countries? England, Scotland and Wales
64%
Which French river flows into the Mediterranean Sea? Rhone
64%
What seas the Corinth Canal connects? Aegean and Ionian Seas
57%
In which country is the region of Masuria located? Poland
57%
What is the name of the strait that connects Aegean and Marmara sea? Dardanelles
50%
Epirus is a geographical and historical region in southeastern Europe, shared between which two countries? Greece and Albania
43%
In which sea is the island of Corfu located? Ionian Sea
43%
Belgrade is located at the confluence of Danube and which other river? Sava
43%
Which country Danube does not flow through? Czech Republic
14%
No matching quizzes found
Score Distribution
Percent of People with Each Score
Percentile by Number Answered
Your Score History
You have not taken this quiz since the last reset